Los niños karatecas : (Record no. 214396)

MARC details
000 -CABECERA
campo de control de longitud fija 00807nam a22002537a 4500
003 - IDENTIFICADOR DEL NÚMERO DE CONTROL
campo de control
005 - FECHA Y HORA DE LA ÚLTIMA TRANSACCIÓN
campo de control 20251023101535.0
008 - ELEMENTOS DE LONGITUD FIJA--INFORMACIÓN GENERAL
campo de control de longitud fija 251022b xxca|||fr|||| 001 0 spa d
040 ## - FUENTE DE LA CATALOGACIÓN
Centro catalogador/agencia de origen MX-MxUPN
Lengua de catalogación spa
Centro/agencia transcriptor MX-MxUPN
041 0# - CÓDIGO DE IDIOMA
Código de lengua del texto/banda sonora o título independiente spa
050 14 - SIGNATURA TOPOGRÁFICA DE LA BIBLIOTECA DEL CONGRESO
Número de clasificación RJ387.A25
Número de documento/Ítem C66 1990
100 1# - ASIENTO PRINCIPAL--NOMBRE PERSONAL
Nombre de persona Connolly, Mark
9 (RLIN) 58336
100 1# - ASIENTO PRINCIPAL--NOMBRE PERSONAL
Nombre de persona Werner, David,
Fechas asociadas al nombre 1934-
9 (RLIN) 31645
100 1# - ASIENTO PRINCIPAL--NOMBRE PERSONAL
Nombre de persona Lamb, Derek
9 (RLIN) 58337
245 14 - MENCIÓN DE TÍTULO
Título Los niños karatecas :
Resto del título lo que necesitamos saber acerca del SIDA
260 ## - PUBLICACIÓN, DISTRIBUCIÓN, ETC.
Lugar de publicación, distribución, etc. Canadá :
Nombre del editor, distribuidor, etc. Street Kids International, ©1990
300 ## - DESCRIPCIÓN FÍSICA
Extensión 63 páginas:
Otras características físicas ilustraciones a color
650 #4 - ASIENTO SECUNDARIO DE MATERIA - TERMINO TEMATICO
Término de materia o nombre geográfico como elemento de entrada SIDA en niños
9 (RLIN) 14884
650 #4 - ASIENTO SECUNDARIO DE MATERIA - TERMINO TEMATICO
Término de materia o nombre geográfico como elemento de entrada SIDA
Subdivisión general Prevención
Subdivisión de forma Obras ilustradas
9 (RLIN) 57387
700 1# - ASIENTO SECUNDARIO--NOMBRE DE PERSONAL
Nombre de persona Pindal, Kai
9 (RLIN) 58338
700 1# - ASIENTO SECUNDARIO--NOMBRE DE PERSONAL
Nombre de persona Tonnes Nielsen, Per
9 (RLIN) 58340
902 ## - ELEMENTOS DE DATOS B LOCAL, LDB (RLIN)
Creó Berenice Martínez/221025
942 ## - ELEMENTOS DE PUNTO DE ACCESO ADICIONAL (KOHA)
Fuente del sistema de clasificación o colocación Library of Congress Classification
Tipo de ítem Koha Libro
Holdings
Estado de retiro Estado de pérdida Fuente del sistema de clasificación o colocación Estado dañado No para préstamo Código de colección Localización permanente Ubicación/localización actual Ubicación en estantería Fecha de adquisición Total de préstamos Clasificación Código de barras Fecha visto por última vez Precio válido a partir de Tipo de ítem Koha
    Library of Congress Classification   Disponible (Préstamo en sala) UNESCO Bib. Gregorio Torres Quintero Bib. Gregorio Torres Quintero Colecciones especiales Planta alta 22/10/2025   RJ387.A25 C66 1990 U13782 22/10/2025 22/10/2025 Libro